Harry Potter 6 Chapter Title to First Sentence Match Quiz Stats

 Plays Quiz not verified by Sporcle

Score 0/30 Timer 12:00
0 Plays Today
% Correct
The Other Minister
86.7%
The Cave
85.9%
The Lightning-Struck Tower
83.4%
An Excess of Phlegm
81.8%
Spinner's End
80.3%
The White Tomb
77.5%
Will and Won't
76%
Horace Slughorn
74.2%
Flight of the Prince
72.4%
The Slug Club
71.4%
Horcruxes
70.8%
Draco's Detour
70.6%
A Very Frosty Christmas
69.3%
Elf Tails
66.5%
Snape Victorious
62.9%
% Correct
The Seer Overheard
61.6%
Sectumsempra
57%
The Unbreakable Vow
56.8%
The Phoenix Lament
56.5%
A Sluggish Memory
56.3%
Hermione's Helping Hand
54.5%
The Secret Riddle
53.2%
Birthday Surprises
51.2%
The House of Gaunt
50.9%
After the Burial
49.9%
Lord Voldemort's Request
45%
The Half-Blood Prince
44.5%
Felix Felicis
39.4%
The Unknowable Room
38.4%
Silver and Opals
36.3%

You're not logged in!

Compare scores with friends on all Sporcle quizzes.
OR
Log In

You Might Also Like...

Show Comments

Extras

Top Quizzes Today


Score Distribution

Your Account Isn't Verified!

In order to create a playlist on Sporcle, you need to verify the email address you used during registration. Go to your Sporcle Settings to finish the process.

Report this User

Report this user for behavior that violates our Community Guidelines.

Details: